| 000 | 00450nam a2200181Ia 4500 | ||
|---|---|---|---|
| 001 | 1368 | ||
| 005 | 20260306143723.0 | ||
| 008 | 260306t1998||||xx |||||||||||||| ||spa|| | ||
| 041 | _aESP | ||
| 082 |
_a196.1 _bO73E |
||
| 100 |
_aOrtega y Gasset, José _eAUT |
||
| 245 | 0 | _aEl tema de nuestro tiempo; La rebelión de las masas | |
| 260 | _c1998 | ||
| 300 |
_a214 páginas : _c22 cm. |
||
| 650 | _aGEN | ||
| 654 | _aCHU | ||
| 942 |
_cLIB _dJUS _fJUS _2ddc _n |
||
| 999 |
_c1368 _d1368 |
||